000 00603nam a2200241Ia 4500
003 OSt
005 20221005091012.0
006 a|||||r|||| 00| 0
007 ta
008 221004b |||||||| |||| 00| 0 eng d
024 _a73797
037 _cTextual
040 _aCRL
_cCRL
_beng
041 _2eng
_aeng
082 _aX:54.1'N5, L0
100 _aMeade J E
245 0 _aTrade and welfare
260 _aNew York
_bOxford University Press
_c1970
300 _a618p.
_ccm.
650 _aECONOMICS
942 _hX:54.1'N5, L0
_cTEXL
_2cc
999 _c996688
_d996688